00341nam a2200133Ia 4500008004100000041000800041082001600049100001700065245004500082250001400127260002500141300003000166365001100196240624s9999 xx 000 0 und d aeng a658.404 BAR aBARNEY JAY B aGAINING AND SUSTAINING COMPETITIVE ADVAN a(4th ed.) c2011aNew DelhibPHI axv, : 495 : p. : cm. ; 23 cRSb36